Europe: That Doesn't Border Germany! Quiz Stats

Quiz Updated May 15, 2017

Challenge
Share
Tweet
Embed
Score 0/38 Timer 05:00
7 Plays Today
Hint Country % Correct
???
87.4%
???
85.7%
???
83.1%
???
78.8%
???
78.5%
???
77.3%
???
75.8%
???
73%
???
72.7%
???
71.7%
???
70.2%
???
66.8%
???
66.7%
???
66.4%
???
66%
???
64.6%
???
64.3%
???
63.7%
???
63.7%
Hint Country % Correct
???
62.6%
???
62.6%
???
61.6%
???
61.3%
???
61.1%
???
60.6%
???
59.9%
???
59.4%
???
59.1%
???
58.9%
???
58.8%
???
58.1%
???
58.1%
???
56.3%
???
56.2%
Mein!???
54.9%
???
54.7%
???
54.6%
???
44.1%

You're not logged in!

Compare scores with friends on all Sporcle quizzes.
Sign Up with Email
OR
Log In

You Might Also Like...

Show Comments

Extras

Top Quizzes Today


Score Distribution

Your Account Isn't Verified!

In order to create a playlist on Sporcle, you need to verify the email address you used during registration. Go to your Sporcle Settings to finish the process.